Lao động với sức khỏe thể dục; T1
Sparad:
| Huvudupphovsman: | |
|---|---|
| Materialtyp: | Bok |
| Språk: | Undetermined |
| Publicerad: |
Hà Nội
Thể dục thể thao
1978
|
| Ämnen: | |
| Taggar: |
Lägg till en tagg
Inga taggar, Lägg till första taggen!
|
| Thư viện lưu trữ: | Trung tâm Học liệu Trường Đại học Cần Thơ |
|---|
| LEADER | 00519nam a2200169Ia 4500 | ||
|---|---|---|---|
| 001 | CTU_7809 | ||
| 008 | 210402s9999 xx 000 0 und d | ||
| 082 | |a 613.7 | ||
| 082 | |b G866/T1 | ||
| 100 | |a M Ph Grinenco | ||
| 245 | 0 | |a Lao động với sức khỏe thể dục; T1 | |
| 245 | 0 | |c M Ph Grinenco; Dịch giả: Hồ Tuyến | |
| 260 | |a Hà Nội | ||
| 260 | |b Thể dục thể thao | ||
| 260 | |c 1978 | ||
| 650 | |a physical fitness | ||
| 980 | |a Trung tâm Học liệu Trường Đại học Cần Thơ | ||